000 00398nam a2200145Ia 4500
008 230917s9999||||xx |||||||||||||| ||und||
040 _e210323
_aMAIN
041 _aEnglish
082 _a621.3 S15M
100 _aSmaili, A
245 0 _aMechatronics: Integrated technologies for intelligent machines
260 _aOxford
_bOxford University Press
_c2012
300 _axviii, 717 p.
942 _cBK
999 _c176587
_d176587